Handbook of tropical soil management (Record no. 8539)

000 -LEADER
fixed length control field 00254nam a22001097a 4500
040 ## - CATALOGING SOURCE
Transcribing agency HS
082 ## - DEWEY DECIMAL CLASSIFICATION NUMBER
Classification number 631
110 ## - MAIN ENTRY--CORPORATE NAME
Corporate name or jurisdiction name as entry element AGRICULTURE AND FORESTRY
245 ## - TITLE STATEMENT
Title Handbook of tropical soil management
260 ## - PUBLICATION, DISTRIBUTION, ETC. (IMPRINT)
Place of publication NA
Name of publisher AGRICULTURE & FORESTRY
Year of publication 2003
942 ## - ADDED ENTRY ELEMENTS (KOHA)
Koha item type សៀវភៅភាសាអង់គ្លេស
952 ## - LOCATION AND ITEM INFORMATION (KOHA)
Withdrawn status [LOCAL, KOHA] 0
952 ## - LOCATION AND ITEM INFORMATION (KOHA)
Withdrawn status [LOCAL, KOHA] 0
Holdings
Permanent Location Date acquired Koha item type Lost status Shelving location Barcode Current Location Full call number
Library Block C2016-08-03សៀវភៅភាសាអង់គ្លេស C242RUA045358Library Block C631 AGR 2003 C242
Library Block C2016-10-12សៀវភៅភាសាអង់គ្លេស C239RUA046029Library Block C631 NA 2003 C239
មជ្ឈមណ្ឌលឯការនៃសាកលវិទ្យាល័យភូមិន្ទកសិកម្មចំការដូង

Powered by Koha